|
|
|
|
| LEADER |
01290pam a22003378a 4500 |
| 001 |
00040075 |
| 005 |
20171026081025.0 |
| 008 |
171004s2016 ||||||Viesd |
| 020 |
# |
# |
|a 9786045719527
|c 125000
|
| 041 |
0 |
# |
|a Vie
|
| 082 |
1 |
4 |
|a 305.800 959 7
|b TR300TH
|
| 100 |
1 |
# |
|a Ngô, Văn Lệ
|e Đồng chủ biên
|
| 245 |
1 |
0 |
|a Tri thức bản địa của các dân tộc người thiểu số ở Đông Nam Bộ trong tiến trình phát triển xã hội ở Việt Nam
|c Ngô Văn Lệ, Huỳnh Ngọc Thu, Ngô Thị Phương Lan (đồng ch.b)
|
| 260 |
# |
# |
|a Hà Nội
|b Chính trị Quốc gia
|c 2016
|
| 300 |
# |
# |
|a 396 tr.
|c 21 cm.
|
| 504 |
# |
# |
|a Thư mục: tr.379-392.- Phụ lục: tr.357-378
|
| 653 |
# |
# |
|a Dân tộc thiểu số
|
| 653 |
# |
# |
|a Đông Nam Bộ
|
| 653 |
# |
# |
|a Việt Nam
|
| 653 |
# |
# |
|a Tri thức
|
| 700 |
1 |
# |
|a Huỳnh, Ngọc Thu
|e Đồng chủ biên
|
| 700 |
1 |
# |
|a Ngô, Thị Phương Lan
|e Đồng chủ biên
|
| 852 |
# |
# |
|j KD.0020404
|j KM.0023895
|j KM.0023896
|
| 852 |
# |
# |
|j KD.0020404
|b Kho đọc
|
| 910 |
|
|
|d 04/10/2017
|
| 980 |
# |
# |
|a Trung tâm Học liệu Lê Vũ Hùng, Trường Đại học Đồng Tháp
|